00789naa#a2200169#i#4500001001600000005001700016011001400033100004100047102000700088200019700095210013000292215001100422608004500433700005200478700006300530856002600593RU\\bibl\12488820260604063732.4##a2221-3260##a20260331b2026####ek#y0rusy0150####ca##aRU1#aУстойчивый декаплинг и его место в модели современного экологического регулированияeЖурнальная статья1#aЯрославльcЯрославский государственный технический университетd2026##a19 с.##aЖурнальная статья2local#1aСапирgЕлена Владимировна#1aРасетаривелуgРаду Принси Огюст4#atheoreticaleconomy.ru